000 00532 a2200169 4500
999 _c41607
_d41607
003 OSt
005 20221011101737.0
008 221011b ||||| |||| 00| 0 eng d
020 _a9789325980822
040 _coclc
082 _a005.369
_bSAX/F
100 _94380
_a Saxena, Sanjay
245 _aA first course in computers:
_bBased on windows 8 and MS Office 2013 /
_cSanjay Saxena
260 _aNoida:
_bVikas Publishing,
_c2022.
300 _a464 pages
942 _2ddc
_cBK
_h005.369
_iSAX/F
_k005.369
_mSAX/F